Southville International School and Colleges
Your cart is empty.
  • Cart
  • Lists
    Public lists Eva Luna New books Lux_list list_1
    Your lists Log in to create your own lists
  • Log in to your account
  • Your cookies
  • Search history
Southville International School and Colleges
  • Advanced search
  • Recent comments
  • Most popular
  • Libraries

Log in to your account

Log in with GOOGLE


If you do not have an external account, but do have a local account, you can still log in:

  1. Home
  2. MARC view: Introduction to hotel and front office operations /
Normal view MARC view ISBD view

Introduction to hotel and front office operations / (Record no. 293147)

[ view plain ]
MARC details
000 -LEADER
fixed length control field 00609nam a2200217Ia 4500
008 - FIXED-LENGTH DATA ELEMENTS--GENERAL INFORMATION
fixed length control field 160404s9999 xx 000 0 und d
020 ## - INTERNATIONAL STANDARD BOOK NUMBER
International Standard Book Number 978-971-94195-0-1
050 ## - LIBRARY OF CONGRESS CALL NUMBER
Classification number FIL TX 911.3.F75
050 ## - LIBRARY OF CONGRESS CALL NUMBER
Item number .R65 2008
100 ## - MAIN ENTRY--PERSONAL NAME
Personal name Roldan, Amelia S.
245 ## - TITLE STATEMENT
Title Introduction to hotel and front office operations /
245 ## - TITLE STATEMENT
Statement of responsibility, etc Amelia S. Roldan.
260 ## - PUBLICATION, DISTRIBUTION, ETC. (IMPRINT)
Place of publication, distribution, etc Manila :
260 ## - PUBLICATION, DISTRIBUTION, ETC. (IMPRINT)
Name of publisher, distributor, etc AR Skills development and Management Services,
260 ## - PUBLICATION, DISTRIBUTION, ETC. (IMPRINT)
Date of publication, distribution, etc 2008
300 ## - PHYSICAL DESCRIPTION
Extent 154 pages :
300 ## - PHYSICAL DESCRIPTION
Other physical details illustrations ;
300 ## - PHYSICAL DESCRIPTION
Dimensions 25 cm.
650 ## - SUBJECT ADDED ENTRY--TOPICAL TERM
Topical term or geographic name as entry element Hotel management.
650 ## - SUBJECT ADDED ENTRY--TOPICAL TERM
General subdivision Hotel front desk personnel.
Holdings
Withdrawn status Lost status Damaged status Home library Current library Shelving location Date acquired Cost, normal purchase price Total Checkouts Full call number Barcode Date last seen Price effective from Koha item type
      South Mansfield College South Mansfield College Filipiniana Section 02/14/2011 320.00   FIL TX 911.3.F75 .R65 2008 SMC05323 04/04/2016 04/04/2016  

Introduction to hotel and front office operations /

APA

Roldan A. S., .Introduction to hotel and front office operations. Manila: .

Chicago

Roldan Amelia S, .Introduction to hotel and front office operations. Manila: .

Harvard

Roldan A. S., .Introduction to hotel and front office operations. Manila: .

MLA

Roldan Amelia S, .Manila: . .

  • Place hold
  • Print
  • Cite
  • Add to your cart (remove)
  • Save record
    BIBTEX Dublin Core MARCXML MARC (non-Unicode/MARC-8) MARC (Unicode/UTF-8) MARC (Unicode/UTF-8, Standard) MODS (XML) RIS
  • More searches
    Search for this title in:
    Other Libraries (WorldCat) Other Databases (Google Scholar) Online Stores (Bookfinder.com) Open Library (openlibrary.org)

Exporting to Dublin Core...

SOUTHVILLE LIBRARY

Southville International School and Colleges Library

1281 Tropical Ave. Cor. Luxembourg St., BF Homes International, Las Pinas City

Tel. No. 8256374 / 252358 Loc. 117/146

Powered by Koha